Normal view
MARC view
- Saltz, Daniel
Entry Personal Name
001 - CONTROL NUMBER
- control field: 102961
003 - CONTROL NUMBER IDENTIFIER
- control field: NUST
005 - DATE AND TIME OF LATEST TRANSACTION
- control field: 20221117165922.0
008 - FIXED-LENGTH DATA ELEMENTS
- fixed length control field: 221117|| aca||aabn | a|a d
040 ## - CATALOGING SOURCE
- Original cataloging agency: NUST
- Transcribing agency: NUST
100 ## - HEADING--PERSONAL NAME
- Personal name: Saltz, Daniel
670 ## - SOURCE DATA FOUND
- Source citation: Work cat.: (NUST)180950: Saltz, Daniel., A short calculus :, c1977.
